[Event "Znojemska rotunda 2003"]
[Site "?"]
[Date "????.??.??"]
[Round "4"]
[White "Stanek, Karel"]
[Black "Kulovany, Radek"]
[Result "1/2-1/2"]
[WhiteElo "1629"]
[BlackElo "1450"]
[PlyCount "85"]

1. e4 d5 2. exd5 Nf6 3. Nc3 Nxd5 4. Nxd5 Qxd5 5. d4 Nc6 6. Nf3 Bg4 7. Be2 O-O-O
8. Be3 e5 9. c4 Bb4+ 10. Bd2 Qe4 11. d5 Bxd2+ 12. Qxd2 Rhe8 13. O-O f6 14. Bd3
Qf4 15. Qxf4 exf4 16. Bxh7 Bxf3 17. gxf3 Ne5 18. Bf5+ Kb8 19. Be4 Nxc4 20. b3
Nd2 21. Rfe1 f5 22. Rad1 Nxe4 23. fxe4 Rxe4 24. f3 Re3 25. Kf2 Rde8 26. Rxe3
fxe3+ 27. Ke2 f4 28. h4 Rh8 29. Rh1 Rh5 30. Rg1 Rxh4 31. Rxg7 Kc8 32. Rf7 Rh2+
33. Ke1 Rxa2 34. Rxf4 Rb2 35. b4 Rd2 36. Re4 Rxd5 37. Ke2 Kd7 38. Kxe3 a5 39.
bxa5 Rxa5 40. Rb4 b6 41. Ke4 b5 42. Kd5 c6+ 43. Kc5 1/2-1/2

[Event "Znojemska rotunda 2003"]
[Site "?"]
[Date "????.??.??"]
[Round "4"]
[White "Ruzickova, Radka"]
[Black "Holemar, David"]
[Result "1/2-1/2"]
[WhiteElo "1839"]
[BlackElo "2311"]
[PlyCount "67"]

1. e4 c5 2. Nf3 Nc6 3. d4 cxd4 4. Nxd4 e5 5. Nf3 Bb4+ 6. c3 Be7 7. Bc4 Nf6 8.
O-O O-O 9. Re1 d6 10. Bg5 Be6 11. Bxe6 fxe6 12. Qb3 Qd7 13. Nbd2 h6 14. Bh4 Ne8
15. Bxe7 Qxe7 16. Rad1 Rd8 17. Nc4 Kh8 18. Ne3 Nf6 19. Nf1 Nh5 20. Ng3 Nf4 21.
c4 g5 22. Qc3 b6 23. Ne2 Kh7 24. Nxf4 Rxf4 25. Rd3 g4 26. Nd2 Rdf8 27. f3 Nd4
28. fxg4 Qh4 29. Nf3 Qxg4 30. Nxd4 exd4 31. Qxd4 Qe2 32. Rdd1 Qg4 33. Rd3 Qe2
34. Rdd1 1/2-1/2

[Event "Znojemska rotunda 2003"]
[Site "?"]
[Date "????.??.??"]
[Round "4"]
[White "Antos, Jakub"]
[Black "Svihel, Karel"]
[Result "0-1"]
[WhiteElo "1751"]
[BlackElo "2136"]
[PlyCount "60"]

1. e4 c5 2. Nf3 d6 3. d4 cxd4 4. Nxd4 Nf6 5. Nc3 a6 6. Be2 e5 7. Nb3 b5 8. Be3
Bb7 9. f3 b4 10. Na4 Nbd7 11. Qd2 Bc6 12. Qxb4 d5 13. Bc5 Bxc5 14. Naxc5 dxe4
15. Nb7 Bxb7 16. Qxb7 O-O 17. O-O-O Rb8 18. Qxa6 Qc7 19. Qd6 Qa7 20. Kb1 Qf2
21. Bc4 exf3 22. gxf3 Qxf3 23. Rdf1 Qg4 24. Nd2 Rb6 25. Qe7 Qd4 26. Kc1 Qxb2+
27. Kd1 Qd4 28. Bd3 Re8 29. Qa3 e4 30. Rf4 Qa1+ 0-1

[Event "Znojemska rotunda 2003"]
[Site "?"]
[Date "????.??.??"]
[Round "4"]
[White "Skovron, Josef"]
[Black "Havel, Vojtech"]
[Result "0-1"]
[WhiteElo "1761"]
[BlackElo "1364"]
[PlyCount "84"]

1. e4 e5 2. Nf3 Nc6 3. Bb5 d6 4. d4 Bd7 5. Nc3 Nf6 6. Bg5 exd4 7. Nxd4 Nxd4 8.
Bxd7+ Qxd7 9. Qxd4 Be7 10. O-O O-O 11. Rad1 Qg4 12. Be3 Rfe8 13. f3 Qe6 14. b3
Nd7 15. Nd5 Bd8 16. Qc3 c6 17. Nf4 Qe7 18. Qb4 Nc5 19. c4 Bb6 20. Qd2 Rad8 21.
b4 Ne6 22. Bxb6 axb6 23. Nxe6 Qxe6 24. Qd4 c5 25. Qd3 Qd7 26. b5 Qc8 27. Rd2
Rd7 28. Rfd1 Qd8 29. f4 Qe7 30. e5 Red8 31. exd6 Rxd6 32. Qxd6 Rxd6 33. Rxd6
Qe3+ 34. Kh1 g6 35. f5 Qe4 36. f6 h5 37. Rxb6 Qxc4 38. Rxb7 Qxa2 39. Rd8+ Kh7
40. Rxf7+ {:-)} 40... Qxf7 41. b6 Qxf6 42. Rd7+ Kh6 0-1

[Event "Znojemska rotunda 2003"]
[Site "?"]
[Date "????.??.??"]
[Round "4"]
[White "Petlak, Josef"]
[Black "Kubicek, Pavel"]
[Result "1-0"]
[WhiteElo "1923"]
[BlackElo "1821"]
[PlyCount "63"]

1. c3 f5 2. d4 Nf6 3. Bg5 e6 4. e3 Be7 5. Nf3 O-O 6. Bd3 b6 7. O-O Bb7 8. Nbd2
Na6 9. b4 Qe8 10. Bxf6 Rxf6 11. e4 Rh6 12. Re1 Qh5 13. Qe2 Nb8 14. exf5 Bd6 15.
Be4 Bxh2+ 16. Kf1 Bf4 17. Bxb7 Qh1+ 18. Ng1 Nc6 19. Bxa8 Ne7 20. fxe6 d5 21.
Bxd5 Rf6 22. Ndf3 g5 23. Qb5 c6 24. Bxc6 g4 25. Re5 gxf3 26. Bxf3 Rf8 27. Rh5
Bh2 28. Qg5+ Ng6 29. Ke2 Re8 30. d5 Bf4 31. Qxg6+ hxg6 32. Rxh1 1-0

[Event "Znojemska rotunda 2003"]
[Site "?"]
[Date "????.??.??"]
[Round "4"]
[White "Dvorak, Miloslav"]
[Black "Docekal, Jan"]
[Result "0-1"]
[WhiteElo "1541"]
[BlackElo "2016"]
[PlyCount "78"]

1. d4 Nf6 2. c4 e6 3. Nc3 Bb4 4. a3 Bxc3+ 5. bxc3 O-O 6. Qd3 d6 7. e4 Nbd7 8.
h3 e5 9. Nf3 Qe7 10. Nd2 Re8 11. f3 Nh5 12. Qe3 f5 13. Qf2 f4 14. h4 Ndf6 15.
Bd3 b6 16. Nf1 Bb7 17. d5 Rf8 18. g4 fxg3 19. Nxg3 Nxg3 20. Qxg3 Nh5 21. Qg4
Nf4 22. Be2 Ba6 23. Bxf4 Rxf4 24. Qg5 Qd7 25. Rg1 Raf8 26. Rg3 Kh8 27. Kf2 h6
28. Qh5 Qe7 29. Rag1 R8f7 30. Qg6 Qxh4 31. Qe6 Bxc4 32. Qe8+ Kh7 33. Ke3 Rxe4+
34. Kd2 Rxe2+ 35. Kd1 Qe7 36. Qa4 b5 37. Qb4 e4 38. Qb1 Bd3 39. Qc1 exf3 0-1

[Event "Znojemska rotunda 2003"]
[Site "?"]
[Date "????.??.??"]
[Round "4"]
[White "Svoboda, Jiri"]
[Black "Adam, Petr sr"]
[Result "1/2-1/2"]
[WhiteElo "1825"]
[BlackElo "2086"]
[PlyCount "72"]

1. Nf3 g6 2. e4 d6 3. d4 Nf6 4. Nc3 Bg7 5. Bc4 O-O 6. O-O Nxe4 7. Nxe4 d5 8.
Bd3 dxe4 9. Bxe4 Nd7 10. Bg5 Nf6 11. Re1 h6 12. Bxf6 Bxf6 13. c3 c6 14. Qb3 Qb6
15. Qxb6 axb6 16. a4 Kg7 17. Nd2 Be6 18. Bf3 Ra5 19. Ra3 Rfa8 20. Rea1 Kf8 21.
Be2 c5 22. Ne4 Bg7 23. dxc5 bxc5 24. Rd1 Bf5 25. b4 cxb4 26. cxb4 R5a7 27. Bf3
Be5 28. Nc5 b6 29. Bxa8 bxc5 30. Rd8+ Kg7 31. bxc5 Bc7 32. Re8 Bd7 33. Rxe7 Bd8
34. Rxd7 Rxd7 35. Bf3 Ba5 36. c6 Rd4 1/2-1/2

[Event "Znojemska rotunda 2003"]
[Site "?"]
[Date "????.??.??"]
[Round "4"]
[White "Mlensky, Dalibor"]
[Black "Doxansky, Josef"]
[Result "1-0"]
[WhiteElo "2085"]
[BlackElo "1826"]
[PlyCount "73"]

1. e4 c6 2. d4 d5 3. e5 Bf5 4. Nf3 e6 5. Be2 Nd7 6. Be3 Rc8 7. O-O c5 8. c4
dxc4 9. Nc3 cxd4 10. Nxd4 Bd3 11. Bxd3 cxd3 12. Qxd3 Nxe5 13. Qb5+ Nc6 14. Qxb7
Nxd4 15. Bxd4 Rc7 16. Qb5+ Qd7 17. Qb8+ Qd8 18. Bxa7 Qxb8 19. Bxb8 Rb7 20. Bg3
Rxb2 21. Rfb1 Rxb1+ 22. Rxb1 f6 23. Rb8+ Kf7 24. a4 g5 25. a5 e5 26. Ne4 Ne7
27. a6 Nc6 28. Rb6 Be7 29. Rxc6 Rb8 30. h4 Rb1+ 31. Kh2 Rb4 32. f3 h6 33. Nc3
Rb3 34. hxg5 hxg5 35. a7 Ra3 36. Nb5 Ra2 37. Rc8 1-0

[Event "Znojemska rotunda 2003"]
[Site "?"]
[Date "????.??.??"]
[Round "4"]
[White "Komprda, Pavel"]
[Black "Jurica, Peter"]
[Result "0-1"]
[WhiteElo "2055"]
[BlackElo "2163"]
[PlyCount "42"]

1. d4 g6 2. e4 Bg7 3. Nc3 c6 4. Bc4 d5 5. exd5 b5 6. Bb3 b4 7. Qf3 bxc3 8. dxc6
Nf6 9. c7 Qxc7 10. Qxa8 O-O 11. Ne2 Nc6 12. Bf4 e5 13. dxe5 Nh5 14. Bxf7+ Qxf7
15. Qxc6 cxb2 16. Rb1 Nxf4 17. Nxf4 Qxf4 18. O-O Bxe5 19. g3 Qf7 20. Qb5 Bd4
21. Qe2 Bh3 0-1

[Event "Znojemska rotunda 2003"]
[Site "?"]
[Date "????.??.??"]
[Round "4"]
[White "Ruzicka, Frantisek"]
[Black "Kulovany, Radomir"]
[Result "1-0"]
[WhiteElo "1679"]
[BlackElo "1483"]
[PlyCount "99"]

1. e4 d5 2. exd5 Nf6 3. Bc4 Nxd5 4. Qf3 Nf6 5. Ne2 Nc6 6. O-O Bg4 7. Qb3 Ne5 8.
Re1 Nxc4 9. Qxc4 Qd7 10. Nbc3 e6 11. h3 Bf5 12. d3 Be7 13. Ng3 Bg6 14. Be3 c6
15. Rad1 O-O 16. Nce4 Qd5 17. Qxd5 Nxd5 18. Bc5 b6 19. Bxe7 Nxe7 20. h4 h5 21.
Nc3 Rad8 22. Nce2 e5 23. f4 exf4 24. Nxf4 Rfe8 25. Nfxh5 Bxh5 26. Nxh5 Nf5 27.
g3 Nd4 28. Rxe8+ Rxe8 29. c3 Nf5 30. Kf2 Re6 31. Nf4 Rd6 32. h5 g6 33. g4 g5
34. gxf5 gxf4 35. Kf3 Kg7 36. Kxf4 f6 37. d4 Kh6 38. Re1 c5 39. Re6 Rd7 40.
Rxf6+ Kxh5 41. Ke5 cxd4 42. cxd4 Rc7 43. d5 Re7+ 44. Re6 Rd7 45. d6 a5 46. Re7
Rd8 47. Ke6 Kg5 48. d7 Rh8 49. Rg7+ Kh6 50. f6 1-0

[Event "Znojemska rotunda 2003"]
[Site "?"]
[Date "????.??.??"]
[Round "4"]
[White "Rulfova, Zuzana"]
[Black "Trmac, Radek"]
[Result "0-1"]
[WhiteElo "1371"]
[BlackElo "1663"]
[PlyCount "64"]

1. e4 c5 2. Nf3 Nc6 3. Be2 Nf6 4. d3 g6 5. O-O Bg7 6. Nc3 d6 7. Bg5 O-O 8. Re1
h6 9. Be3 Kh7 10. Qd2 e5 11. Nd5 Nxd5 12. exd5 Ne7 13. c4 f5 14. Qc2 Bd7 15.
Kh1 f4 16. Bd2 Nf5 17. Rg1 Nd4 18. Nxd4 exd4 19. Bf3 g5 20. Qd1 Bf5 21. Be4
Bxe4 22. dxe4 Qf6 23. Qf3 Rae8 24. Rae1 Qg6 25. h3 Be5 26. Ref1 Kg7 27. Kh2 h5
28. Rh1 g4 29. hxg4 hxg4 30. Qd3 Rh8+ 31. Kg1 Rxh1+ 32. Kxh1 Rh8+ 0-1

[Event "Znojemska rotunda 2003"]
[Site "?"]
[Date "????.??.??"]
[Round "4"]
[White "Skaroupka, Jiri"]
[Black "Talpa, Pavel"]
[Result "1-0"]
[WhiteElo "2105"]
[BlackElo "1870"]
[PlyCount "35"]

1. d4 f5 2. c4 Nf6 3. Nc3 e6 4. e3 d5 5. Bd3 c6 6. Nge2 Bd6 7. f3 O-O 8. Qc2 e5
9. cxd5 exd4 10. Nxd4 Nxd5 11. Nxd5 cxd5 12. g3 Qf6 13. Bd2 Bd7 14. Qb3 Bc6 15.
Nxc6 bxc6 16. Qb7 Nd7 17. Qxd7 Rfd8 18. Qxf5 1-0

[Event "Znojemska rotunda 2003"]
[Site "?"]
[Date "????.??.??"]
[Round "4"]
[White "Divis, Jan"]
[Black "Dobes, Oldrich"]
[Result "1/2-1/2"]
[WhiteElo "1681"]
[BlackElo "2043"]
[PlyCount "28"]

1. d4 Nf6 2. c4 e6 3. Nc3 Bb4 4. a3 Bxc3+ 5. bxc3 b6 6. Bg5 Bb7 7. f3 d6 8. e4
Nbd7 9. Bd3 Qe7 10. Ne2 O-O 11. O-O e5 12. Qc2 h6 13. Be3 Rfe8 14. Ng3 a5
1/2-1/2

[Event "Znojemska rotunda 2003"]
[Site "?"]
[Date "????.??.??"]
[Round "4"]
[White "Galvanek, Ladislav"]
[Black "Blazek, Milos"]
[Result "1/2-1/2"]
[WhiteElo "2067"]
[BlackElo "2090"]
[PlyCount "21"]

1. Nf3 Nf6 2. c4 c5 3. Nc3 d5 4. cxd5 Nxd5 5. g3 Nc6 6. Bg2 e5 7. d3 Be7 8. O-O
Be6 9. Nxd5 Bxd5 10. Bd2 O-O 11. Bc3 1/2-1/2

[Event "Znojemska rotunda 2003"]
[Site "?"]
[Date "????.??.??"]
[Round "5"]
[White "Vlk, Miroslav"]
[Black "Kireev, Aleksei"]
[Result "0-1"]
[WhiteElo "2063"]
[BlackElo "2276"]
[PlyCount "70"]

1. d4 g6 2. c4 d6 3. Nc3 Bg7 4. e4 e5 5. d5 c5 6. dxc6 bxc6 7. Be3 f5 8. f3 Bh6
9. Qd2 Bxe3 10. Qxe3 f4 11. Qd2 Qh4+ 12. g3 fxg3 13. O-O-O Qh6 14. Qxh6 Nxh6
15. hxg3 Nf7 16. Bh3 Na6 17. Bxc8 Rxc8 18. Nh3 {(=)} 18... Ke7 19. f4 Nc5 20.
Rd2 a5 21. Kc2 h6 22. Nf2 Rcf8 23. Nd3 Ne6 24. Rdh2 h5 25. Kd2 Rhg8 26. Rf2 Nh6
27. Rff1 Ng4 28. Nd1 Nf6 29. Nc3 Nd7 30. Ke3 Rg7 31. b3 Rgf7 32. Rf2 Nf6 33.
Kd2 Ng4 34. Rf3 exf4 35. gxf4 Nxf4 0-1

[Event "Znojemska rotunda 2003"]
[Site "?"]
[Date "????.??.??"]
[Round "5"]
[White "Dvorak, Libor"]
[Black "Galvanek, Ladislav"]
[Result "1-0"]
[WhiteElo "2074"]
[BlackElo "2067"]
[PlyCount "125"]

1. Nf3 d5 2. c4 e6 3. g3 c5 4. Bg2 Nc6 5. b3 Nf6 6. Bb2 Be7 7. O-O O-O 8. e3
Ne4 9. d3 Bf6 10. Qe2 Nd6 11. Nc3 Nf5 12. g4 Nfe7 13. e4 Bxc3 14. Bxc3 d4 15.
Bd2 e5 16. Nh4 Ng6 17. Nxg6 fxg6 18. g5 Qc7 19. Rae1 Be6 20. f4 exf4 21. e5
Rae8 22. Bxf4 Qd7 23. Bg3 Ne7 24. Qe4 b6 25. a3 Rxf1+ 26. Rxf1 Rf8 27. Rxf8+
Kxf8 28. Kf2 Nf5 29. Bf4 h5 30. Qb7 Qxb7 31. Bxb7 Ke7 32. b4 Kd7 33. b5 Ne7 34.
a4 Kc7 35. Be4 Kd7 36. Bd2 Kc7 37. a5 Kd7 38. a6 Kc7 39. Kg3 Kd7 40. Bf4 Kc7
41. Bg2 Kd8 42. Bh3 Kd7 43. Bxe6+ Kxe6 44. Kf3 Nf5 45. Ke4 Ne7 46. Bd2 Nc8 47.
Be1 Ne7 48. Bf2 Nf5 49. Bg1 Kd7 50. Bf2 Ke6 51. Be1 Ne7 52. Bd2 Nc8 53. Bc1 Ne7
54. Ba3 Kd7 55. Bxc5 bxc5 56. b6 Nc6 57. bxa7 Nxa7 58. Kd5 Nc6 59. Kxc5 Kc7 60.
e6 Nd8 61. e7 Ne6+ 62. Kd5 Kd7 63. e8=Q+ 1-0

[Event "Znojemska rotunda 2003"]
[Site "?"]
[Date "????.??.??"]
[Round "5"]
[White "Rajnoha, Lubos"]
[Black "Stanek, Karel"]
[Result "0-1"]
[WhiteElo "1388"]
[BlackElo "1629"]
[PlyCount "118"]

1. c4 d5 2. d4 c6 3. Nc3 Nf6 4. Nf3 Bf5 5. cxd5 cxd5 6. Bf4 e6 7. e3 Nc6 8. Qb3
Qc8 9. Nb5 Bb4+ 10. Nc3 a6 11. a3 Ba5 12. Be2 O-O 13. O-O Qd7 14. h3 Rac8 15.
Nh4 Ne7 16. Nxf5 Nxf5 17. Rac1 Rc6 18. Na4 Qc8 19. Rxc6 Qxc6 20. Nc5 Bb6 21.
Rc1 Ne4 22. Nd3 Qb5 23. Qxb5 axb5 24. Ne5 Rd8 25. Bxb5 g5 26. Bh2 Ned6 27. Ba4
Ra8 28. Bc2 Rc8 29. Nd3 Nc4 30. Bd1 Ba5 31. b3 Ncd6 32. g4 Rxc1 33. Nxc1 Nxe3
34. fxe3 Ne4 35. b4 Bd8 36. Nb3 b6 37. a4 Nc3 38. Bc2 Nxa4 39. Nd2 Nc3 40. e4
Be7 41. Kf2 Bxb4 42. exd5 Nxd5 43. Nc4 Bc3 44. Ke2 Bxd4 45. Kd3 Bc5 46. Bd6
Bxd6 47. Nxd6 Nf4+ 48. Kc4 Nxh3 49. Ne4 h6 50. Kb5 f5 51. gxf5 exf5 52. Nf6+
Kf7 53. Bxf5 Kxf6 54. Bxh3 h5 55. Kxb6 g4 56. Bf1 h4 57. Kc5 Kf5 58. Kd4 Kf4
59. Kd3 59... h3 {Nemuzu se ubranit poznamce, ze diky KATASTROFALNI kvalite
obou partiaru bych si za rekonstrukci teto partie v case pod 20 minut
zaslouzil od obou hracu honorar. Proboha, jake "perly" me to jeste cekaji?
Roesner} 0-1

[Event "Znojemska rotunda 2003"]
[Site "?"]
[Date "????.??.??"]
[Round "5"]
[White "Talpa, Pavel"]
[Black "Divis, Jan"]
[Result "1-0"]
[WhiteElo "1870"]
[BlackElo "1681"]
[PlyCount "129"]

1. d4 Nf6 2. e3 d5 3. Bd3 Nc6 4. f4 Nb4 5. Bb5+ Bd7 6. Bxd7+ Qxd7 7. c3 Na6 8.
Nf3 g6 9. O-O Ne4 10. Ne5 Qe6 11. Nd2 f6 12. Nd3 O-O-O 13. Qb3 Rd6 14. Nf2 Nxf2
15. Rxf2 Qxe3 16. Nf3 Qe6 17. Bd2 Rb6 18. Qc2 Qd7 19. Re1 e6 20. Rfe2 c5 21. b3
Nc7 22. Be3 Rc6 23. Qd3 Bd6 24. c4 b6 25. g3 Re8 26. Bd2 cxd4 27. Nxd4 Bc5 28.
Be3 Bxd4 29. Bxd4 dxc4 30. Qe4 f5 31. Qe5 Rd8 32. Be3 Rd6 33. bxc4 Rd1 34. c5
Rxe1+ 35. Rxe1 bxc5 36. Qxc5 a6 37. Rc1 Qd6 38. Qa7 Kd7 39. Bc5 Qd2 40. Ba3 Rc8
41. Qc5 Qxc1+ 42. Qxc1 Nd5 43. Qb2 Kc6 44. Qe5 Nc7 45. Qd6+ Kb7 46. Bc5 Na8 47.
Be3 Rc6 48. Qb4+ Nb6 49. Qe7+ Rc7 50. Qxe6 Nc4 51. Bd4 a5 52. Bf6 Nb6 53. Bd8
Rc1+ 54. Kg2 Rc2+ 55. Kh3 Rc6 56. Qe7+ Ka6 57. Bxb6 Kxb6 58. Qxh7 a4 59. Qd7 a3
60. Qd3 g5 61. fxg5 Kb7 62. Qxa3 Ra6 63. Qe7+ Kb6 64. Qf6+ Kb7 65. Qxf5 {
Oproti predchozi partii bude zapis teto hracka. Timto lezu do prdele predevsim
p. Talpovi, jeho partiare, radost pohledet. Ani nebudu muset pouzit zapis toho
idiota Divise. Pri lusteni jeho hieroglifu bych potreboval mit po ruce
zkuseneho egyptologa.Roesner} 1-0

[Event "Znojemska rotunda 2003"]
[Site "?"]
[Date "????.??.??"]
[Round "5"]
[White "Rulfova, Zuzana"]
[Black "Dvorak, Miloslav"]
[Result "1-0"]
[WhiteElo "1371"]
[BlackElo "1541"]
[PlyCount "171"]

1. e4 e5 2. Nf3 Nc6 3. Bc4 h6 4. Nc3 Nf6 5. O-O d6 6. h3 Be7 7. d3 O-O 8. Be3
Na5 9. Bb3 Nxb3 10. axb3 a6 11. Nd2 Be6 12. f4 exf4 13. Bxf4 Nh7 14. Qf3 c6 15.
Ne2 g5 16. Be3 Bf6 17. Bd4 Bxd4+ 18. Nxd4 c5 19. Nf5 Bxf5 20. Qxf5 Kg7 21. Rf2
f6 22. Raf1 Qe7 23. Rf3 Qe5 24. c3 b5 25. Qg4 Rf7 26. h4 Raf8 27. h5 a5 28. Rf5
Qe6 29. Qg3 Qd7 30. Ra1 Ra8 31. b4 Qc7 32. bxc5 dxc5 33. Qxc7 Rxc7 34. Nb3 c4
35. dxc4 bxc4 36. Nd2 a4 37. Kf2 Nf8 38. e5 Nd7 39. e6 Nc5 40. Nf3 Nd3+ 41. Ke2
Nf4+ 42. Kf1 Nxe6 43. g3 Nc5 44. Nd4 Kf7 45. Nb5 Rc6 46. Nd4 Rcc8 47. Rd5 Ra7
48. Nb5 Ra6 49. Nd6+ Rxd6 50. Rxd6 Ne4 51. Ra6 Nxg3+ 52. Kg2 Nxh5 53. R1xa4
Nf4+ 54. Kf3 Nd3 55. Rb6 Ne5+ 56. Ke4 Kg6 57. Raa6 Nd7 58. Rc6 Rxc6 59. Rxc6
Ne5 60. Ra6 h5 61. Rd6 h4 62. Rd1 Nd3 63. Rd2 Nc5+ 64. Kd5 Nb3 65. Rh2 Na5 66.
Kc5 f5 67. Kb5 Nb7 68. Kxc4 f4 69. Kd4 Kf5 70. c4 f3 71. Ke3 Kg4 72. Rf2 Nd6
73. c5 Nb5 74. Rxf3 h3 75. Rf1 h2 76. Ke2 Nd4+ 77. Ke3 Kh3 78. Kxd4 Kg2 79. Rd1
h1=Q 80. Rxh1 Kxh1 81. c6 g4 82. c7 g3 83. c8=Q g2 84. Qh8+ Kg1 85. Qg7 Kh2 86.
b4 1-0

[Event "Znojemska rotunda 2003"]
[Site "?"]
[Date "????.??.??"]
[Round "5"]
[White "Adam, Petr sr"]
[Black "Dolezal, Rudolf"]
[Result "1/2-1/2"]
[WhiteElo "2086"]
[BlackElo "1768"]
[PlyCount "104"]

1. c4 e6 2. Nf3 f5 3. g3 Nf6 4. Bg2 Be7 5. O-O O-O 6. b3 c6 7. Bb2 d5 8. d3 Re8
9. Nbd2 Nbd7 10. e4 Nc5 11. e5 Ng4 12. h3 Nh6 13. Ne1 Na6 14. a3 Rf8 15. f4 Bd7
16. b4 Nf7 17. Qe2 g6 18. Kh2 Nc7 19. Rc1 a5 20. bxa5 Rxa5 21. Nc2 b5 22. Nb3
Ra8 23. Nb4 Bxb4 24. axb4 Qe7 25. Bd4 Na6 26. Nc5 Rfe8 27. Qb2 bxc4 28. Nxa6
Rxa6 29. Bc5 Qd8 30. dxc4 Qb8 31. Ra1 Rxa1 32. Rxa1 Rc8 33. Qd4 g5 34. Ra5 h5
35. Ra3 h4 36. Be7 Be8 37. gxh4 gxf4 38. Qxf4 Qxe5 39. Rg3+ Kh7 40. Qxe5 Nxe5
41. cxd5 exd5 42. Bf6 42... Ng6 {(=)} 43. Re3 Nf4 44. Bf3 Bh5 45. Bg5 Bxf3 46.
Rxf3 Ne6 47. Rxf5 Nxg5 48. hxg5 Kg6 49. Re5 Rb8 50. h4 Rxb4 51. Re6+ Kh5 52.
Kg3 Rg4+ 1/2-1/2

[Event "Znojemska rotunda 2003"]
[Site "?"]
[Date "????.??.??"]
[Round "5"]
[White "Dobes, Oldrich"]
[Black "Ruzickova, Radka"]
[Result "1-0"]
[WhiteElo "2043"]
[BlackElo "1839"]
[PlyCount "111"]

1. e4 c5 2. Nf3 Nc6 3. d4 cxd4 4. Nxd4 e5 5. Nb5 d6 6. c4 a6 7. N5c3 f5 8. Bd3
f4 9. Nd5 Nf6 10. Nbc3 Be7 11. g3 fxg3 12. hxg3 Be6 13. Nxf6+ Bxf6 14. Nd5 h6
15. Be3 Bxd5 16. exd5 Ne7 17. g4 g5 18. Qf3 Bg7 19. Qh3 Rf8 20. Qh5+ Kd7 21.
O-O Qe8 22. Qh1 Qf7 23. c5 Qf3 24. Qxf3 Rxf3 25. Be4 Rf6 26. cxd6 Kxd6 27. Rac1
Kd7 28. Bc5 Bf8 29. d6 Nc6 30. Bf5+ Kd8 31. Bb6+ Ke8 32. d7+ Kf7 33. Rxc6 Rxc6
34. d8=Q Rxd8 35. Bxd8 Rc4 36. Rd1 Bc5 37. Kg2 Bd4 38. b3 Rc6 39. Kf3 b6 40.
Ke4 Rd6 41. f4 gxf4 42. Bc7 Rc6 43. Bxe5 Bxe5 44. Kxe5 f3 45. Rf1 h5 46. gxh5
Rc5+ 47. Ke4 Kf6 48. Rxf3 Re5+ 49. Kd4 Ra5 50. Bg6+ Kg7 51. a4 Rc5 52. Rf7+ Kg8
53. Rf6 a5 54. Rxb6 Rg5 55. h6 Kf8 56. Re6 1-0

[Event "Znojemska rotunda 2003"]
[Site "?"]
[Date "????.??.??"]
[Round "5"]
[White "Jurica, Peter"]
[Black "Skaroupka, Jiri"]
[Result "1/2-1/2"]
[WhiteElo "2163"]
[BlackElo "2105"]
[PlyCount "59"]

1. Nf3 d5 2. d4 Nf6 3. c4 c6 4. Nc3 dxc4 5. g3 b5 6. Bg2 Bb7 7. O-O e6 8. Qc2
a6 9. e4 Be7 10. Rd1 Nbd7 11. a4 O-O 12. Ng5 h6 13. Nh3 Re8 14. Nf4 Bf8 15. Be3
Ng4 16. Bc1 e5 17. Qe2 b4 18. Qxg4 exf4 19. Ne2 fxg3 20. Nxg3 c5 21. dxc5 Ne5
22. Rxd8 Nxg4 23. Rd7 Bc6 24. Rc7 Ne5 25. Bf4 Nd3 26. Rxc6 Nxf4 27. Rc1 Rec8
28. Rxc8 Rxc8 29. Rxc4 Rxc5 30. Bf1 1/2-1/2

[Event "Znojemska rotunda 2003"]
[Site "?"]
[Date "????.??.??"]
[Round "5"]
[White "Docekal, Jan"]
[Black "Komprda, Pavel"]
[Result "1-0"]
[WhiteElo "2012"]
[BlackElo "2055"]
[PlyCount "93"]

1. Nf3 e6 2. d4 d5 3. g3 c5 4. e3 Nf6 5. Bg2 Nc6 6. O-O Be7 7. c3 O-O 8. Nbd2
b6 9. Re1 Bb7 10. Qe2 Rc8 11. Ne5 Nxe5 12. dxe5 Nd7 13. f4 f6 14. Bh3 f5 15.
Bg2 Qc7 16. Nf3 g5 17. h4 gxh4 18. gxh4 h6 19. Kh2 Kh8 20. Qf2 Rf7 21. Bd2 Rg8
22. Rg1 Qd8 23. Bh3 Ba6 24. Rxg8+ Qxg8 25. Rg1 Rg7 26. Rxg7 Qxg7 27. Be1 Bd3
28. Nd2 c4 29. Nf3 Nc5 30. Nd4 Kg8 31. b4 cxb3 32. axb3 Kf7 33. b4 Ne4 34. Qa2
a6 35. Nxf5 Qg6 36. Nd4 Bc4 37. Qa4 Bb5 38. Nxb5 axb5 39. Qa2 Qh5 40. f5 Bxh4
41. Bxh4 Qxh4 42. fxe6+ Kg6 43. Qg2+ Kh7 44. Qf3 Ng5 45. Qf5+ Kg7 46. e7 Nxh3
47. Qf6+ 1-0

[Event "Znojemska rotunda 2003"]
[Site "?"]
[Date "????.??.??"]
[Round "5"]
[White "Blazek, Milos"]
[Black "Most, Zdenek"]
[Result "1/2-1/2"]
[WhiteElo "2090"]
[BlackElo "2089"]
[PlyCount "48"]

1. e4 d6 2. d4 Nf6 3. Nc3 g6 4. Bg5 c6 5. Qd2 b5 6. Bd3 Nbd7 7. Nge2 Qc7 8. O-O
Bg7 9. f4 Nb6 10. e5 b4 11. exf6 exf6 12. Ne4 fxg5 13. Qxb4 c5 14. dxc5 dxc5
15. Bb5+ Bd7 16. Nxc5 O-O 17. Nxd7 Nxd7 18. Bxd7 Qxd7 19. fxg5 Rab8 20. Qc4
Rfc8 21. Rad1 Qe7 22. Qd3 Qxg5 23. Nc3 Qc5+ 24. Rf2 24... Bxc3 {A kdyz uz tedy
komentuju uroven zapisu, Milose Blazka mam nejradeji. Radost ukladat. Roesner}
1/2-1/2

[Event "Znojemska rotunda 2003"]
[Site "?"]
[Date "????.??.??"]
[Round "5"]
[White "Prokopec, Zdenek"]
[Black "Skovron, Josef"]
[Result "1-0"]
[WhiteElo "1680"]
[BlackElo "1761"]
[PlyCount "61"]

1. e4 c5 2. Nf3 Nc6 3. d4 cxd4 4. Nxd4 Nf6 5. Nc3 e5 6. Ndb5 d6 7. Bg5 a6 8.
Bxf6 gxf6 9. Na3 b5 10. Nd5 f5 11. Bd3 Be6 12. Nc3 f4 13. Nd5 Ra7 14. Qd2 Rg8
15. g3 Nd4 16. Be2 Bh6 17. Qd3 Qg5 18. c3 Nxe2 19. Qxe2 f5 20. Nb4 fxg3 21.
hxg3 fxe4 22. Nxa6 e3 23. Nxb5 exf2+ 24. Qxf2 Rf7 25. Nxd6+ Ke7 26. Nxf7 Bxf7
27. Rd1 Qg6 28. Qc5+ Kf6 29. Rd6+ Be6 30. Rxh6 Qxh6 31. Rxe6+ {Ovsem nejvetsi
cune ze vsech ucastniku letosni rotundy je p. Skovron. Jeho partiare si asi
necham oskenovat. Na pamatku. Pokud je to disgrafik, nebo jak se vlastne ta
diagnoza jmenuje, pak se hluboce omlouvam. V opacnem pripade ho musim skarede
pomluvit, takhle nepisou ani prvnacci. Roesner} 1-0

[Event "Znojemska rotunda 2003"]
[Site "?"]
[Date "????.??.??"]
[Round "5"]
[White "Holemar, David"]
[Black "Svoboda, Jiri"]
[Result "1-0"]
[WhiteElo "2311"]
[BlackElo "1825"]
[PlyCount "33"]

1. d4 Nf6 2. c4 c6 3. Nc3 d5 4. cxd5 cxd5 5. Nf3 Bf5 6. Bf4 e6 7. e3 a6 8. Ne5
Be7 9. g4 Be4 10. f3 Bg6 11. h4 h6 12. Nxg6 fxg6 13. Bd3 Bd6 14. Bxg6+ Ke7 15.
Qd2 Bxf4 16. exf4 Nc6 17. O-O-O 1-0

[Event "Znojemska rotunda 2003"]
[Site "?"]
[Date "????.??.??"]
[Round "5"]
[White "Svihel, Karel"]
[Black "Petlak, Josef"]
[Result "1-0"]
[WhiteElo "2136"]
[BlackElo "1923"]
[PlyCount "57"]

1. e4 e5 2. Nf3 Nc6 3. Bb5 a6 4. Ba4 Nf6 5. O-O Be7 6. Re1 b5 7. Bb3 d6 8. c3
Na5 9. Bc2 c5 10. h3 O-O 11. d4 Qc7 12. Nbd2 Re8 13. Nf1 Bf8 14. Bg5 Kh8 15.
Bxf6 gxf6 16. Ng3 Nc6 17. a4 Bd7 18. d5 Ne7 19. Nh4 Ng6 20. Nhf5 Bxf5 21. Nxf5
Ne7 22. Qh5 Nxf5 23. exf5 Bg7 24. Re4 Reb8 25. Rh4 h6 26. b3 Rc8 27. Re1 Ra7
28. Re3 Qe7 29. Rg3 {Moc se mi libi partiare p. Svihela. Bez jedine chybicky,
za upravu by mel ve skole jiste jiste same jednicky. Roesner} 1-0

[Event "Znojemska rotunda 2003"]
[Site "?"]
[Date "????.??.??"]
[Round "5"]
[White "Voborny, David"]
[Black "Ruzicka, Frantisek"]
[Result "1-0"]
[WhiteElo "1729"]
[BlackElo "1679"]
[PlyCount "77"]

1. d4 Nf6 2. c4 g6 3. Nf3 Bg7 4. Nc3 O-O 5. Bf4 d6 6. e4 Nbd7 7. Qd2 b6 8. Be2
c5 9. O-O Nh5 10. Bh6 Bb7 11. Rad1 Nhf6 12. e5 Ne8 13. Bxg7 Kxg7 14. exd6 Nxd6
15. dxc5 Nxc5 16. b4 Ne6 17. Nb5 Nxb5 18. Qb2+ Nbd4 19. Nxd4 Nxd4 20. Rxd4 Qc8
21. Rd8+ f6 22. Rxc8 Raxc8 23. Rd1 Rc7 24. h4 h6 25. h5 Be4 26. f3 Bf5 27. g4
Be6 28. Qc2 Bf7 29. hxg6 Bxg6 30. Bd3 Be8 31. Bf5 Bf7 32. c5 e6 33. Be4 Rfc8
34. c6 b5 35. Rd7 f5 36. gxf5 exf5 37. Bxf5 Rxc6 38. Qb2+ Kg8 39. Bh7+ 1-0